02448cam a22003975i 45000010009000000050017000090080041000260100017000670200018000840350024001020400008001260410013001341000027001472450181001742460038003552460043003932600043004363000045004794900042005244900019005665050252005855050207008375200587010445460028016316500030016596500027016896500062017166500039017786500053018176550018018706550027018886550029019156550040019447000038019847000028020222416396820250523065018.0250421t20192019enka e 000 j eng d a 2025398293 a9781529302929 a(OCoLC)on1142508510 ctbs0 aturaeng aRichards, Ollyeauthor10aShort stories in Turkishb: read for pleasure at your level and learn Turkish the fun way!c/ Olly Richards ; series editor Rebecca Moeller ; development editor H. Inci Abrook.1 iAt head of title:aTeach yourself14aShort stories in Turkish for beginners aLondon :bJohn Murray Learning,c2019. axiv, 208 pages :billustrations ;c20 cm aForeign language graded reader series aTeach yourself0 aHow to read effectively — The six-step reading process — Çilgin Döner — Olağan Dişi Bir Gezi — Şövalye — Saat — Sandik — Bilinmeyen Ülke — Gorunmez Kadin Leman — Kapsül — Answer key — Turkish-English glossary.0 aMapped to A2-B1 on the Common European Framework of Reference — A glossary for bolded words in each text — A bilingual word list — Full plot summary — Comprehension questions after each chapter. aShort Stories in Turkish for Beginners is designed for A2-B1 learners, offering eight engaging stories across genres like science fiction, crime, and history to make learning Turkish fun and rewarding. The book uses controlled language, authentic dialogues, and accessible grammar to build vocabulary and speaking skills with confidence. Helpful features—such as glossaries, bilingual word lists, plot summaries, and comprehension questions—support natural, stress-free learning. It’s a motivating resource that makes reading in Turkish enjoyable, without feeling overwhelmed. aIn Turkish and English. 0aTurkish languagevReaders 0aShort stories, Turkish 0aTurkish languagevTextbooks for foreign speakersxEnglish 0aTurkish languagevSelf-instruction 0aReading comprehensionvProblems, exercises, etc. 0aShort stories 0aReaders (Publications) 0aSelf-instructional works 0aInstructional and educational works aMoeller, Rebecca Klevbergeeditor aAbrook, H. Incieeditor